| 000 | 01307nmc a2200337 a 4500 | ||
|---|---|---|---|
| 003 | AR-BaBNM | ||
| 005 | 20251128205053.0 | ||
| 008 | 176019s1994 ||||||||||||||000 | spa|| | ||
| 020 | _a950-23-0558-2 | ||
| 040 | _cAR-BaBNM | ||
| 245 | 1 | 0 |
_aLa Constitución Nacional y los derechos humanos _btexto completo de la Constitución Nacional y de los Pactos y Convenios Internacionales de Derechos Humanos |
| 250 | _a6ª ed. | ||
| 260 |
_aBuenos Aires _bEudeba _c1994 |
||
| 300 | 0 | _a283 p. | |
| 490 | 0 | _aDerechos humanos | |
| 500 | 1 | _aContiene: Declaración Universal de Derechos Humanos - Pacto Internacional de Derechos Económicos, Sociales y Culturales - Pacto de San José de Costa Rica - Convención sobre los Derechos del Niño - Convención sobre eliminación de todas las formas de disc | |
| 650 | 4 | _aCONSTITUCIONES | |
| 650 | 4 | _aDERECHOS HUMANOS | |
| 650 | 4 | _aDERECHO INTERNACIONAL PUBLICO | |
| 650 | 4 | _aCONVENIOS | |
| 650 | 4 | _aDISCRIMINACION RACIAL | |
| 650 | 4 | _aDISCRIMINACION SEXUAL | |
| 650 | 4 | _aDERECHOS DEL NINO | |
| 650 | 4 | _aDERECHOS SOCIALES Y ECONOMICOS | |
| 651 | 4 | _aArgentina | |
| 700 | 1 |
_aVanossi, Jorge Reinaldo _ecomentarista |
|
| 700 | 1 |
_aUbertone, Fermín Pedro _ecolaborador |
|
| 700 | 1 |
_aSanguinetti, Horacio J. _eprologuista |
|
| 942 | _cBK | ||
| 998 | _cSILVI | ||
| 999 |
_c9866 _d9866 |
||